Characters in Harry Potter 7 Quiz Stats

 Plays Quiz not verified by Sporcle

Score 0/200 Timer 20:00
0 Plays Today
Character % Correct
Harry Potter
98.2%
Ron Weasley
94.7%
Hermione Granger
90.3%
Voldemort
89.4%
Ginny Weasley
88.6%
Fred Weasley
88.3%
Bill Weasley
88.3%
George Weasley
88%
Severus Snape
87.7%
Albus Dumbledore
87.7%
Molly Weasley
87.1%
Bellatrix Lestrange
86.8%
Arthur Weasley
86.2%
Draco Malfoy
85.9%
Remus Lupin
85.9%
Lily Potter
85.3%
James Potter
85.3%
Lucius Malfoy
84.8%
Fleur Delacour
84.2%
Narcissa Malfoy
83.6%
Charlie Weasley
83.6%
Percy Weasley
83.3%
Nymphadora Tonks
83%
Rubeus Hagrid
82.7%
Luna Lovegood
82.1%
Dobby
81.5%
Minerva McGonagall
80.9%
Neville Longbottom
80.6%
Aberforth Dumbledore
80.1%
Dean Thomas
80.1%
Kreacher
79.8%
Wormtail
79.5%
Yaxley
79.2%
Sirius Black
78.6%
Hedwig
78.6%
Vernon Dursley
78.3%
Nagini
78%
Mad-Eye Moody
78%
Dudley Dursley
77.7%
Ted Tonks
77.7%
Petunia Dursley
77.4%
Seamus Finnigan
77.1%
Dolores Umbridge
76.5%
Kingsley Shacklebolt
76%
Griphook
76%
Rufus Scrimgeour
75.7%
Xenophilius Lovegood
75.4%
Filius Flitwick
75.4%
Vincent Crabbe
74.8%
Ariana Dumbledore
74.5%
Ollivander
74.2%
Bathilda Bagshot
73.9%
Gregory Goyle
73.9%
Albus Severus Potter
73.9%
Mundungus Fletcher
73.6%
Horace Slughorn
73.6%
Pomona Sprout
73.3%
Charity Burbage
72.7%
Cho Chang
72.7%
Kendra Dumbledore
71.8%
Lavender Brown
71.8%
Pius Thicknesse
71.6%
Gellert Grindelwald
71.6%
Andromeda Tonks
71.3%
Viktor Krum
71.3%
Padma Patil
70.7%
Pansy Parkinson
70.7%
Character % Correct
Parvati Patil
70.4%
Angelina Johnson
70.4%
James Sirius Potter
70.4%
Grawp
70.1%
Amycus Carrow
70.1%
Alecto Carrow
69.8%
Katie Bell
69.8%
Colin Creevey
69.8%
Teddy Lupin
69.5%
Lily Luna Potter
69.5%
Antonin Dolohov
68.9%
Rose Weasley
68.9%
Oliver Wood
68.6%
Alicia Spinnet
68.6%
Regulus Black
68%
Fenrir Greyback
68%
Gabrielle Delacour
67.7%
Hugo Weasley
67.4%
Crookshanks
66.9%
Gregorovitch
66.9%
Rowena Ravenclaw
66.9%
Cornelius Fudge
66.9%
Elphias Doge
66.6%
Nearly Headless Nick
66.6%
Godric Gryffindor
66%
Reginald Cattermole
65.4%
Argus Filch
65.4%
Fang
65.4%
Rita Skeeter
65.1%
Helga Hufflepuff
64.5%
Firenze
64.5%
Percival Dumbledore
64.2%
Sybill Trelawney
64.2%
Dedalus Diggle
63.9%
Salazar Slytherin
63.9%
Ernie Macmillan
63.9%
Tom
63.6%
Augusta Longbottom
63.3%
Bloody Baron
63.3%
Madam Pomfrey
63.3%
Pigwidgeon
63%
Lee Jordan
62.8%
Hannah Abbott
62.8%
Mafalda Hopkirk
62.2%
Gray Lady
62.2%
Scorpius Malfoy
62.2%
Bane
61.6%
Albert Runcorn
61.3%
Mary Cattermole
61%
Gornuk
60.7%
Buckbeak
59.8%
Ronan
59.8%
Zacharias Smith
59.5%
Peeves
59.5%
Aragog
59.5%
Victoire Weasley
58.7%
Ignotus Peverell
58.4%
Stan Shunpike
58.1%
Michael Corner
58.1%
Cedric Diggory
57.8%
Rodolphus Lestrange
57.8%
Avery
57.2%
Dirk Cresswell
56.9%
Augustus Rookwood
56.9%
Travers
56.6%
Apolline Delacour
56.6%
Hestia Jones
56.3%
Character % Correct
Mr. Granger
56.3%
Mrs. Granger
56.3%
Phineas Nigellus Black
56.3%
Scabior
55.7%
Igor Karkaroff
55.7%
Antioch Peverell
55.4%
Mrs. Norris
55.4%
Barty Crouch
55.1%
Cadmus Peverell
54.8%
Magorian
54.5%
Terry Boot
54%
Norbert
53.7%
Bogrod
53.7%
Monsieur Delacour
53.1%
Fat Lady
51.9%
Marvolo Gaunt
51.3%
Thorfinn Rowle
50.4%
Cuthbert Binns
50.1%
Anthony Goldstein
49.9%
Armando Dippet
49.6%
Hepzibah Smith
49.6%
Selwyn
49.3%
Fawkes
49.3%
Auntie Muriel
48.7%
Walden Macnair
47.8%
Dawlish
47.5%
Sir Cadogan
46%
Quirinus Quirrell
45.5%
Mrs. Black
45.2%
Mulciber
44.9%
Madam Malkin
44.6%
Fabian Prewett
44%
Penelope Clearwater
43.4%
Roger Davies
42.8%
Jimmy Peakes
42.5%
Maisie Cattermole
41.9%
Alfred Cattermole
41.9%
Perkins
41.6%
Nicolas Flamel
41.3%
Ellie Cattermole
40.8%
Betty Braithwaite
40.2%
Dragomir Gorgovitch
39.6%
Dilys Derwent
39.6%
Gwenog Jones
39%
Ragnuk the First
39%
Emeric the Evil
38.7%
Ivor Dillonsby
38.4%
Uncle Bilius
38.1%
Loxias
38.1%
Marius
38.1%
Lancelot
37.8%
Enid Smeek
37.8%
Egbert the Egregious
37.8%
Dexter Fortescue
37.8%
Adalbert Waffling
37.5%
Arkie Alderton
37.5%
Arcus
37.5%
Livius
37.5%
Godelot
37.2%
Barnabas Deverill
37.2%
Hereward
37%
Bowman Wright
36.4%
Mary McDonald
35.8%
Celestina Warbeck
35.5%
Bletchley
34.9%
Bernie Pillsworth
34.6%

You're not logged in!

Compare scores with friends on all Sporcle quizzes.
OR
Log In

Show Comments

Extras

Created Nov 16, 2010ReportNominate
Tags:Harry Potter Quiz, character

Top Quizzes Today


Score Distribution

Your Account Isn't Verified!

In order to create a playlist on Sporcle, you need to verify the email address you used during registration. Go to your Sporcle Settings to finish the process.

Report this User

Report this user for behavior that violates our Community Guidelines.

Details: